Quality declared seed system : Expert consultation Rome, 5 - 7 May 2003/FAO seed and plant genetic resources service

Wedi'i Gadw mewn:
Manylion Llyfryddiaeth
Fformat: Llyfr
Iaith:Undetermined
Cyhoeddwyd: Rome FAO 2006
Pynciau:
Tagiau: Ychwanegu Tag
Dim Tagiau, Byddwch y cyntaf i dagio'r cofnod hwn!
Thư viện lưu trữ: Trung tâm Học liệu Trường Đại học Cần Thơ
LEADER 00487nam a2200169Ia 4500
001 CTU_108504
008 210402s9999 xx 000 0 und d
082 |a 631.521 
082 |b Q1 
245 0 |a Quality declared seed system : 
245 0 |b Expert consultation Rome, 5 - 7 May 2003/FAO seed and plant genetic resources service 
260 |a Rome 
260 |b FAO 
260 |c 2006 
650 |a Seed crops 
904 |i Minh 
980 |a Trung tâm Học liệu Trường Đại học Cần Thơ